[Event "Turkey Cup 2019"]
[Site "Belek"]
[Date "2019.02.01"]
[Round "9.69"]
[White "Baylav, Bartu"]
[Black "Saltik, Suleyman"]
[Result "1-0"]
[WhiteElo "1784"]
[BlackElo "1560"]
[Annotator "NA"]
[PlyCount "43"]
[EventDate "2019.01.27"]
[EventType "swiss"]
[EventCountry "TUR"]
[SourceTitle "playchess.com"]
[Source "ChessBase"]
[SourceQuality "1"]

1. d4 Nf6 2. Nc3 d5 3. Bg5 Bf5 4. f3 c6 5. Qd2 Nbd7 6. O-O-O Qa5 7. e4 dxe4 8. fxe4 Bg4 9. Nf3 e6 10. e5 Nd5 11. Nxd5 Qxd5 12. c4 Bb4 13. Qxb4 c5 14. cxd5 cxb4 15. Bb5 exd5 16. Kd2 a6 17. Bxd7+ Bxd7 18. Rc1 Bc6 19. Rhe1 Kd7 20. e6+ fxe6 21. Ne5+ Kc7 22. Nxc6 1-0

[Event "Turkey Cup 2019"]
[Site "Belek"]
[Date "2019.02.01"]
[Round "9.70"]
[White "Yilmaz, Cumhur"]
[Black "Nazli, Sertan"]
[Result "0-1"]
[WhiteElo "1676"]
[BlackElo "1811"]
[Annotator "NA RC"]
[PlyCount "172"]
[EventDate "2019.01.27"]
[EventType "swiss"]
[EventCountry "TUR"]
[SourceTitle "playchess.com"]
[Source "ChessBase"]
[SourceQuality "1"]

1. d4 c5 2. d5 Nf6 3. Nf3 b5 4. e3 a6 5. c4 g6 6. Bd2 Bg7 7. Nc3 b4 8. Na4 d6 9. Bd3 Bg4 10. h3 Bxf3 11. gxf3 Nfd7 12. f4 Nb6 13. Nxb6 Qxb6 14. Qa4+ Nd7 15. Rb1 Kd8 16. e4 Kc7 17. Qd1 Rae8 18. O-O e5 19. f3 Rb8 20. Bc2 Kc8 21. Ba4 Qd8 22. Bxd7+ Qxd7 23. Kh2 exf4 24. Bxf4 a5 25. Qc2 a4 26. b3 Ra8 27. Bc1 axb3 28. axb3 Kb7 29. Bb2 Ra2 30. Qc1 Qe7 31. Rf2 Qh4 32. Kg2 Rha8 33. Qe3 Bxb2 34. Rfxb2 Rxb2+ 35. Rxb2 Ra1 36. f4 Qe1 37. Qxe1 Rxe1 38. Kf3 f6 39. Re2 Rh1 40. Kg2 Rc1 41. e5 fxe5 42. fxe5 dxe5 43. Rxe5 Rc3 44. d6 Kc6 45. Rd5 Kd7 46. Rxc5 Kxd6 47. Rb5 Rxb3 48. Kh2 Kc6 49. Kg2 Rb2+ 50. Kg3 b3 51. Kf3 Rb1 52. Kg2 Rb2+ 53. Kg3 Rb1 54. Kg2 h6 55. Kh2 b2 56. Kg2 g5 57. Kh2 h5 58. Kg2 g4 59. hxg4 hxg4 60. Kh2 g3+ 61. Kg2 Kd6 62. Rd5+ Kc7 63. Rc5+ Kb6 64. Rb5+ Kc6 65. Rb8 Kc5 66. Rb5+ Kd4 67. c5 Kc3 68. c6 Re1 69. c7 Re8 70. Rb8 Rc8 71. Rxc8 b1=Q 72. Rb8 Qe4+ 73. Kxg3 Qe5+ 74. Kg4 Qxc7 75. Rb1 Qc4+ 76. Kg5 Qd5+ 77. Kf4 Qd2+ 78. Kg4 Qe2+ 79. Kf4 Qh2+ 80. Kf3 Qh5+ 81. Kf4 Qe2 82. Ra1 Kb2 83. Ra8 Qc4+ 84. Ke5 Qc5+ 85. Kf4 Qd4+ 86. Kg3 Qe3+ 0-1

[Event "Turkey Cup 2019"]
[Site "Belek"]
[Date "2019.02.01"]
[Round "9.71"]
[White "Araboga, Nizamettin"]
[Black "Kisadere, Kutay"]
[Result "1-0"]
[WhiteElo "1670"]
[BlackElo "1809"]
[Annotator "NA RC"]
[PlyCount "183"]
[EventDate "2019.01.27"]
[EventType "swiss"]
[EventCountry "TUR"]
[SourceTitle "playchess.com"]
[Source "ChessBase"]
[SourceQuality "1"]

1. e4 e6 2. Nc3 d5 3. d4 Bb4 4. Bd3 Nc6 5. Nge2 dxe4 6. Bxe4 Nf6 7. Bf3 h6 8. h4 Nd5 9. Qd3 Nxc3 10. bxc3 Be7 11. Bf4 Bd6 12. Bxd6 cxd6 13. Rb1 O-O 14. g3 e5 15. O-O Qf6 16. Be4 Bh3 17. Rfe1 Rab8 18. Kh2 Bd7 19. Rf1 g5 20. hxg5 hxg5 21. Kg2 Kg7 22. Rh1 Rh8 23. f3 Rxh1 24. Rxh1 Rh8 25. Rxh8 Kxh8 26. g4 Nd8 27. d5 Qe7 28. Ng3 f6 29. Qf1 Kg8 30. Qh1 Qg7 31. Nh5 Qh8 32. Nxf6+ Qxf6 33. Qh7+ Kf8 34. Qxd7 Nf7 35. Qxb7 Qf4 36. Qxa7 Qd2+ 37. Qf2 Qxc3 38. Qe2 Qa5 39. c4 Qb4 40. Bg6 Nd8 41. Qc2 Ke7 42. Bh5 Kd7 43. Bg6 Ke7 44. Bf5 Qe1 45. c5 dxc5 46. Qxc5+ Ke8 47. Bg6+ Kd7 48. Qb5+ Kc7 49. Bf5 Qd2+ 50. Kh3 Nb7 51. Qc6+ Kb8 52. Qe8+ Ka7 53. Qxe5 Qf2 54. Qg3 Qf1+ 55. Qg2 Qe1 56. Qc2 Qh1+ 57. Kg3 Kb8 58. Qf2 Ka8 59. Bd7 Qb1 60. Bc6 Kb8 61. f4 Nd6 62. Kg2 Qe4+ 63. Kg1 Qb1+ 64. Qf1 Qe4 65. Qf2 Qb1+ 66. Kh2 Qh7+ 67. Kg2 Qe4+ 68. Kg1 Qb1+ 69. Qf1 Qe4 70. Qc1 Qd4+ 71. Kf1 Qd3+ 72. Ke1 Qg3+ 73. Kd1 Qd3+ 74. Qd2 Qb1+ 75. Ke2 Qe4+ 76. Kf2 gxf4 77. a3 Kc8 78. Qc3 Nc4 79. Bb5 Qe3+ 80. Qxe3 Nxe3 81. Kf3 Nxd5 82. Bc6 Ne7 83. Be4 Kc7 84. Kxf4 Kd6 85. a4 Nc8 86. a5 Ke7 87. Ke5 Nd6 88. a6 Nb5 89. Bd3 Na7 90. Kd5 Kd7 91. g5 Nc8 92. Bf5+ 1-0

[Event "Turkey Cup 2019"]
[Site "Belek"]
[Date "2019.02.01"]
[Round "9.72"]
[White "Lale, Omer Faruk"]
[Black "Bogaakca, Mehmet"]
[Result "0-1"]
[WhiteElo "1829"]
[BlackElo "1671"]
[Annotator "NA"]
[PlyCount "52"]
[EventDate "2019.01.27"]
[EventType "swiss"]
[EventCountry "TUR"]
[SourceTitle "playchess.com"]
[Source "ChessBase"]
[SourceQuality "1"]

1. e4 d6 2. d4 g6 3. Be3 Bg7 4. Qd2 Nf6 5. f3 c6 6. c4 Nbd7 7. Nc3 a6 8. Bh6 O-O 9. h4 b5 10. g4 Nb6 11. h5 e5 12. Bxg7 Kxg7 13. O-O-O Qe7 14. hxg6 fxg6 15. c5 exd4 16. cxd6 Qxd6 17. e5 Qxe5 18. Re1 Qc5 19. Qh6+ Kg8 20. Bd3 dxc3 21. Bxg6 cxb2+ 22. Kb1 Ra7 23. Bc2 Nc4 24. Bd1 Bf5+ 25. gxf5 Qxf5+ 26. Re4 Nxe4 0-1

[Event "Turkey Cup 2019"]
[Site "Belek"]
[Date "2019.02.01"]
[Round "9.73"]
[White "Erim, Engin"]
[Black "Atay, Sergen"]
[Result "0-1"]
[WhiteElo "1615"]
[BlackElo "1769"]
[Annotator "NA"]
[PlyCount "66"]
[EventDate "2019.01.27"]
[EventType "swiss"]
[EventCountry "TUR"]
[SourceTitle "playchess.com"]
[Source "ChessBase"]
[SourceQuality "1"]

1. d4 Nf6 2. c4 e5 3. dxe5 Ng4 4. Bf4 g5 5. Bg3 Bg7 6. Nf3 Nc6 7. e3 Ngxe5 8. Nxe5 Nxe5 9. Nd2 d6 10. Be2 h5 11. Rc1 h4 12. Bxe5 Bxe5 13. b3 h3 14. g3 Bd7 15. c5 Bc6 16. Bf3 d5 17. O-O Qf6 18. e4 O-O-O 19. Qe2 Kb8 20. b4 a6 21. Rfe1 Bb5 22. Qe3 Bd4 23. Qb3 g4 24. exd5 gxf3 25. Nxf3 Bb2 26. Rb1 Ba4 27. Qd3 Bc2 28. Qxc2 Qxf3 29. Qe4 Qxe4 30. Rxe4 Rxd5 31. f4 Rd2 32. a4 Rhd8 33. b5 Rg2+ 0-1

[Event "Turkey Cup 2019"]
[Site "Belek"]
[Date "2019.02.01"]
[Round "9.74"]
[White "Kazik, Oguz Kagan"]
[Black "Alagoz, Mahmut"]
[Result "0-1"]
[WhiteElo "1771"]
[BlackElo "1707"]
[Annotator "NA"]
[PlyCount "140"]
[EventDate "2019.01.27"]
[EventType "swiss"]
[EventCountry "TUR"]
[SourceTitle "playchess.com"]
[Source "ChessBase"]
[SourceQuality "1"]

1. d4 d5 2. Nf3 Nf6 3. e3 Bg4 4. h3 Bxf3 5. Qxf3 e6 6. Bd3 c5 7. c3 Nc6 8. O-O Rc8 9. Nd2 cxd4 10. exd4 Bd6 11. Re1 O-O 12. Qe2 e5 13. dxe5 Nxe5 14. Nf3 Re8 15. Nxe5 Bxe5 16. Be3 a6 17. Rad1 Bb8 18. Qf3 Qc7 19. g3 Qc6 20. Bf5 Rcd8 21. Bd4 Rxe1+ 22. Rxe1 Re8 23. Rxe8+ Nxe8 24. Qe3 g6 25. Bd3 Qe6 26. Kg2 Nd6 27. Qe5 Qxe5 28. Bxe5 Kf8 29. h4 Ke7 30. Kf3 Ke6 31. Bf4 f5 32. g4 Ba7 33. Be3 fxg4+ 34. Kxg4 Bxe3 35. fxe3 Kf6 36. b3 Nf7 37. Kf4 h6 38. e4 g5+ 39. hxg5+ hxg5+ 40. Ke3 dxe4 41. Kxe4 Nd6+ 42. Kf3 Nb5 43. c4 Nc3 44. a3 Ke5 45. Kg4 Kd4 46. Bc2 Ne4 47. Kf5 Nd2 48. Kxg5 Kc3 49. Bd1 Nxb3 50. Kf4 Kxc4 51. Ke3 b5 52. Bg4 Kc3 53. Bc8 Nc5 54. Ke2 Kb2 55. Kd2 Kxa3 56. Kc3 a5 57. Kd4 Nb3+ 58. Kc3 b4+ 59. Kc4 a4 60. Bd7 Na5+ 61. Kb5 Nb3 62. Kc4 Nc1 63. Bc6 b3 64. Kc3 Na2+ 65. Kd2 Kb4 66. Be4 a3 67. Bf5 Nc3 68. Kc1 a2 69. Kb2 Nd1+ 70. Ka1 Ka3 0-1

[Event "Turkey Cup 2019"]
[Site "Belek"]
[Date "2019.02.01"]
[Round "9.75"]
[White "Basaran, Alp"]
[Black "Ari, Ahmet"]
[Result "1-0"]
[WhiteElo "1723"]
[BlackElo "1611"]
[Annotator "NA"]
[PlyCount "109"]
[EventDate "2019.01.27"]
[EventType "swiss"]
[EventCountry "TUR"]
[SourceTitle "playchess.com"]
[Source "ChessBase"]
[SourceQuality "1"]

1. e4 e5 2. Nf3 Nc6 3. Nc3 Nf6 4. Bb5 d6 5. d4 exd4 6. Qxd4 Bd7 7. Bxc6 Bxc6 8. Bg5 Be7 9. O-O-O O-O 10. e5 dxe5 11. Qxe5 Bd6 12. Qd4 h6 13. Bxf6 Qxf6 14. Qxf6 gxf6 15. Nd4 Bd7 16. Ne4 Be5 17. Kb1 Be6 18. Nxe6 fxe6 19. Nc5 Rfe8 20. g3 Kf7 21. f4 Bd6 22. Nxb7 Bf8 23. Na5 Red8 24. c3 Rd6 25. Kc2 Rad8 26. Nc4 Rxd1 27. Rxd1 Rxd1 28. Kxd1 Bc5 29. Ke2 Kg6 30. Kf3 h5 31. h3 Kf5 32. g4+ hxg4+ 33. hxg4+ Kg6 34. Ke4 Bf8 35. Ne3 Bh6 36. f5+ Kf7 37. fxe6+ Kxe6 38. Nd5 c6 39. Nf4+ Kf7 40. Kf5 Bg5 41. Nd3 Be3 42. Nb4 c5 43. Nd5 Bg5 44. c4 a5 45. Nc3 Be3 46. b3 Bd4 47. Nb5 Be5 48. g5 Bb2 49. g6+ Kg7 50. Nd6 Kf8 51. Ne4 Bd4 52. Nxf6 Kg7 53. Ne8+ Kf8 54. Nd6 Kg7 55. Nb7 1-0

[Event "Turkey Cup 2019"]
[Site "Belek"]
[Date "2019.02.01"]
[Round "9.76"]
[White "Elalmis, Husamettin"]
[Black "Ataer, Arda Burak"]
[Result "1-0"]
[WhiteElo "1754"]
[BlackElo "1628"]
[Annotator "NA"]
[PlyCount "131"]
[EventDate "2019.01.27"]
[EventType "swiss"]
[EventCountry "TUR"]
[SourceTitle "playchess.com"]
[Source "ChessBase"]
[SourceQuality "1"]

1. e4 c5 2. Nf3 d6 3. d4 cxd4 4. Nxd4 Nf6 5. Nc3 a6 6. Bg5 e6 7. f4 h6 8. Bxf6 gxf6 9. Qf3 Qb6 10. O-O-O Nc6 11. Nb3 Bd7 12. Kb1 Rc8 13. Qh5 Qf2 14. g3 b5 15. Bh3 b4 16. Rd2 Qe3 17. Re2 Qa7 18. Nd5 exd5 19. exd5+ Ne7 20. Be6 Bxe6 21. dxe6 Rh7 22. exf7+ Rxf7 23. Rhe1 a5 24. Qb5+ Kd8 25. Nxa5 Qd4 26. Nb3 Qc4 27. Qb6+ Kd7 28. Qa7+ Rc7 29. Qe3 Kc8 30. Rd1 Nc6 31. Red2 Rfe7 32. Qf3 Re8 33. Qh5 Qe6 34. Qb5 Qe4 35. Qa6+ Kb8 36. Rd5 Na7 37. Qb6+ Rb7 38. Qa6 Rc8 39. R5d2 Rc6 40. Qa5 Rbc7 41. Nd4 Rc4 42. b3 R4c5 43. Qxb4+ Rb7 44. Qa3 Rc8 45. Re2 Qd5 46. Qc1 Nb5 47. Nxb5 Qxb5 48. Red2 f5 49. Rd5 Rc5 50. Rxc5 Qxc5 51. Qd2 Rc7 52. c4 Qa3 53. Qb2 Qc5 54. Qd4 Qb4 55. Qd2 Qa3 56. Qb2 Qc5 57. Qd4 Qb4 58. Qh8 Rc8 59. Qd4 Rc7 60. Rd2 Re7 61. Kc2 Ra7 62. Kd1 Rc7 63. Qf6 Rc8 64. Rd5 Qa3 65. Rb5+ Ka8 66. Qxf5 1-0

[Event "Turkey Cup 2019"]
[Site "Belek"]
[Date "2019.02.01"]
[Round "9.77"]
[White "Hatirli, Ugur Can"]
[Black "Oz, Dindar"]
[Result "1-0"]
[WhiteElo "1713"]
[BlackElo "1644"]
[Annotator "NA RC"]
[PlyCount "151"]
[EventDate "2019.01.27"]
[EventType "swiss"]
[EventCountry "TUR"]
[SourceTitle "playchess.com"]
[Source "ChessBase"]
[SourceQuality "1"]

1. d4 d5 2. Nf3 Nf6 3. g3 c5 4. c3 cxd4 5. cxd4 Bf5 6. Bg2 e6 7. Qb3 Qc8 8. Nc3 Nc6 9. O-O Be7 10. Bg5 h6 11. Bxf6 Bxf6 12. Rac1 O-O 13. Na4 Be4 14. e3 Bxf3 15. Bxf3 Be7 16. Be2 Qc7 17. Nc5 Qb6 18. Bb5 Na5 19. Qa4 Rfc8 20. b4 a6 21. Bd7 Nc4 22. Bxc8 Rxc8 23. Rc2 Rd8 24. Rfc1 g6 25. Qb3 e5 26. Qc3 Qc7 27. Nd3 e4 28. Nb2 b5 29. Nxc4 dxc4 30. a4 Qd7 31. axb5 axb5 32. Ra1 Qh3 33. Rca2 Rd5 34. f3 Rf5 35. f4 Kg7 36. Rb2 h5 37. Qc2 h4 38. Qg2 Qg4 39. h3 Qxg3 40. Qxg3 hxg3 41. Ra7 c3 42. Rb3 c2 43. Rc3 Bxb4 44. Rxc2 Be1 45. Kg2 Bf2 46. Re2 g5 47. fxg5 Rxg5 48. Rc7 b4 49. Rc5 Rg6 50. Rb5 Ra6 51. Rxb4 Ra1 52. Rxf2 gxf2 53. Kxf2 Rh1 54. Kg3 Re1 55. Kf4 Rh1 56. Kxe4 Rxh3 57. Rb6 Rh4+ 58. Kd5 Rh5+ 59. Kc4 Kf8 60. e4 Ke7 61. Rb7+ Ke6 62. e5 Rh1 63. Rb6+ Ke7 64. Kd5 Ra1 65. Rb7+ Ke8 66. Rc7 Ra5+ 67. Kd6 Ra6+ 68. Rc6 Ra8 69. d5 Kd8 70. Rb6 Rc8 71. Rb7 Ke8 72. e6 Rd8+ 73. Ke5 fxe6 74. Kxe6 Ra8 75. d6 Kd8 76. Rh7 1-0

[Event "Turkey Cup 2019"]
[Site "Belek"]
[Date "2019.02.01"]
[Round "9.78"]
[White "Asikoglu, Engin Can"]
[Black "Bulut, Muhammed"]
[Result "1/2-1/2"]
[WhiteElo "1502"]
[BlackElo "1731"]
[Annotator "NA"]
[PlyCount "77"]
[EventDate "2019.01.27"]
[EventType "swiss"]
[EventCountry "TUR"]
[SourceTitle "playchess.com"]
[Source "ChessBase"]
[SourceQuality "1"]

1. d4 d5 2. Bf4 Nf6 3. e3 Bf5 4. c4 c6 5. Qb3 Qb6 6. c5 Qxb3 7. axb3 Nbd7 8. Nd2 e6 9. Ngf3 Be7 10. h3 O-O 11. Be2 h6 12. O-O Rfc8 13. Ra2 Bd8 14. Rfa1 a6 15. b4 Bc7 16. Bxc7 Rxc7 17. b5 cxb5 18. Bxb5 Rac8 19. Be2 Ne4 20. Nxe4 Bxe4 21. Nd2 Bg6 22. b4 Nb8 23. b5 axb5 24. Bxb5 Nc6 25. Rb2 f6 26. Ra3 Be8 27. Bxc6 bxc6 28. Rab3 Ra7 29. f4 Ra5 30. Rb8 Rxb8 31. Rxb8 Kf8 32. Kf1 Ra2 33. Ke1 Ke7 34. Rb7+ Bd7 35. e4 Kd8 36. Rb8+ Bc8 37. Rb3 Ra4 38. exd5 exd5 39. Nf3 1/2-1/2

[Event "Turkey Cup 2019"]
[Site "Belek"]
[Date "2019.02.01"]
[Round "9.79"]
[White "Ceylan, Sezer"]
[Black "Turkkan, Ece"]
[Result "0-1"]
[WhiteElo "1689"]
[BlackElo "1531"]
[Annotator "NA"]
[PlyCount "91"]
[EventDate "2019.01.27"]
[EventType "swiss"]
[EventCountry "TUR"]
[SourceTitle "playchess.com"]
[Source "ChessBase"]
[SourceQuality "1"]

1. e4 c5 2. Nf3 g6 3. d4 cxd4 4. Nxd4 Bg7 5. Nc3 Nc6 6. Be3 Nf6 7. Bc4 O-O 8. Bb3 Ng4 9. Qxg4 Nxd4 10. Bxd4 Bxd4 11. Qg3 d6 12. O-O-O Bg7 13. h4 Be6 14. Bxe6 fxe6 15. h5 Qe8 16. Rh4 Qf7 17. hxg6 Qxf2 18. Qh3 Qf6 19. Rh1 h6 20. g4 a5 21. Rh5 Qf3 22. Qh4 Qf4+ 23. Kb1 Bf6 24. Qe1 Bg5 25. R5h2 a4 26. a3 Rab8 27. Nb5 Qe5 28. Qe2 Rf4 29. Re1 Rbf8 30. Nc3 Rf3 31. Reh1 Re3 32. Qd1 Ref3 33. Re2 b5 34. Na2 Qf4 35. Ree1 Rf2 36. Qd3 Qe5 37. Nc3 b4 38. Nd1 R2f3 39. Ne3 bxa3 40. Qxa3 Bxe3 41. Rxe3 Rf1+ 42. Rxf1 Rxf1+ 43. Ka2 Qb5 44. Qc3 Rf6 45. Rf3 Kg7 46. Rd3 0-1

[Event "Turkey Cup 2019"]
[Site "Belek"]
[Date "2019.02.01"]
[Round "9.80"]
[White "Erdal, Kerem"]
[Black "Celik, Cem Akin"]
[Result "0-1"]
[WhiteElo "1509"]
[BlackElo "1637"]
[Annotator "NA"]
[PlyCount "66"]
[EventDate "2019.01.27"]
[EventType "swiss"]
[EventCountry "TUR"]
[SourceTitle "playchess.com"]
[Source "ChessBase"]
[SourceQuality "1"]

1. e4 g6 2. d4 Bg7 3. Nf3 d6 4. Bc4 Nf6 5. e5 dxe5 6. Nxe5 O-O 7. O-O a6 8. a4 Nbd7 9. f4 c5 10. dxc5 Qc7 11. Qe2 Nxc5 12. Nc3 Ncd7 13. Kh1 Nxe5 14. fxe5 Bg4 15. Nd5 Bxe2 16. Nxc7 Bxf1 17. Bxf1 Rad8 18. exf6 Rd1 19. Kg1 Bxf6 20. c3 Rc8 21. Nd5 Rxd5 22. Be3 Rcd8 23. Be2 Re5 24. Kf2 Rd6 25. g4 Rde6 26. Bc4 Bh4+ 27. Kg2 Rxe3 28. Bxe6 Rxe6 29. Rd1 Re2+ 30. Kh3 Bf6 31. b4 g5 32. Kg3 Bxc3 33. Rd7 Bxb4 0-1

[Event "Turkey Cup 2019"]
[Site "Belek"]
[Date "2019.02.01"]
[Round "9.81"]
[White "Dorum, Doga Can"]
[Black "Cakmak, Sarven"]
[Result "0-1"]
[WhiteElo "1595"]
[BlackElo "1780"]
[Annotator "NA"]
[PlyCount "74"]
[EventDate "2019.01.27"]
[EventType "swiss"]
[EventCountry "TUR"]
[SourceTitle "playchess.com"]
[Source "ChessBase"]
[SourceQuality "1"]

1. f4 d5 2. Nf3 Nf6 3. g3 c6 4. Bg2 Bg4 5. Ne5 h5 6. h3 Bf5 7. d3 Nbd7 8. Nd2 e6 9. Ndf3 Qc7 10. Nxd7 Nxd7 11. Nh4 Be7 12. Nxf5 exf5 13. e4 dxe4 14. dxe4 O-O-O 15. Bd2 fxe4 16. Bxe4 Bf6 17. O-O Qb6+ 18. Kh1 Qxb2 19. Qf3 Nc5 20. Rab1 Nxe4 21. Qxe4 Qd4 22. Qf5+ Qd7 23. Qxd7+ Rxd7 24. Be3 b6 25. a4 Re8 26. Bg1 Bd4 27. Rfe1 Rxe1 28. Rxe1 Kd8 29. a5 b5 30. Bxd4 Rxd4 31. Re5 Rd5 32. Re2 b4 33. Re4 c5 34. Rc4 Kd7 35. Kg2 Kc6 36. Kf3 f5 37. c3 Kb5 0-1

[Event "Turkey Cup 2019"]
[Site "Belek"]
[Date "2019.02.01"]
[Round "9.82"]
[White "Ekinci, Berkay"]
[Black "Kaya, Mehmet Roni"]
[Result "1/2-1/2"]
[WhiteElo "1688"]
[BlackElo "1632"]
[Annotator "NA"]
[PlyCount "152"]
[EventDate "2019.01.27"]
[EventType "swiss"]
[EventCountry "TUR"]
[SourceTitle "playchess.com"]
[Source "ChessBase"]
[SourceQuality "1"]

1. e4 e5 2. Nf3 Nf6 3. Nc3 Nc6 4. Bb5 d6 5. d4 exd4 6. Nxd4 Bd7 7. Bxc6 bxc6 8. Qe2 Be7 9. Bd2 O-O 10. f3 Re8 11. O-O-O c5 12. Nb3 a5 13. Be3 Qc8 14. Qf2 a4 15. Nd2 Be6 16. g4 Qb7 17. g5 Reb8 18. b3 Qb4 19. Ndb1 Ne8 20. Nd5 Bxd5 21. exd5 axb3 22. cxb3 Qa5 23. Rd2 c4 24. Rb2 cxb3 25. axb3 Qxd5 26. Rd1 Qf5 27. f4 c5 28. Qc2 Qxc2+ 29. Kxc2 g6 30. Nc3 Nc7 31. Nd5 Nxd5 32. Rxd5 Rb4 33. Bd2 Rb6 34. Bc3 Bf8 35. Kd3 Bg7 36. Kc4 Bxc3 37. Kxc3 Rab8 38. f5 gxf5 39. Rxf5 Re8 40. Kd3 Rb4 41. Rd5 Re6 42. Rf5 Rd4+ 43. Kc3 Re3+ 44. Kc2 Re2+ 45. Kc3 Re3+ 46. Kc2 d5 47. Rf6 Rh4 48. Kb1 Kg7 49. Rc6 Rc3 50. Rd6 d4 51. b4 cxb4 52. Rxb4 Rxh2 53. Rbxd4 Rg3 54. R6d5 Rg1+ 55. Rd1 Rhh1 56. Rxg1 Rxg1+ 57. Kc2 Kg6 58. Rd6+ Kxg5 59. Rd8 Kf6 60. Rd6+ Kg7 61. Kd2 h5 62. Ke3 Rg6 63. Rd5 Kh6 64. Rf5 f6 65. Kf3 h4 66. Kf2 Kg7 67. Rh5 Rh6 68. Ra5 h3 69. Kg1 h2+ 70. Kh1 Kg6 71. Ra2 Kf5 72. Ra5+ Kg4 73. Ra4+ Kg5 74. Ra8 f5 75. Rg8+ Kf4 76. Ra8 Ke5 1/2-1/2

[Event "Turkey Cup 2019"]
[Site "Belek"]
[Date "2019.02.01"]
[Round "9.83"]
[White "Kaplan, Cem Azad"]
[Black "Hatipoglu, Metin"]
[Result "1/2-1/2"]
[WhiteElo "1602"]
[BlackElo "1680"]
[Annotator "NA"]
[PlyCount "107"]
[EventDate "2019.01.27"]
[EventType "swiss"]
[EventCountry "TUR"]
[SourceTitle "playchess.com"]
[Source "ChessBase"]
[SourceQuality "1"]

1. e4 c5 2. Nf3 e6 3. c4 Nc6 4. Nc3 a6 5. Be2 Qc7 6. d3 Nf6 7. h3 Be7 8. Be3 O-O 9. a3 Rd8 10. Qc1 d5 11. cxd5 exd5 12. Bf4 Qa5 13. O-O Be6 14. Ng5 Nd4 15. Nxe6 fxe6 16. Bd1 b5 17. e5 Nd7 18. Re1 Rf8 19. Bg3 Qd8 20. Ne2 Nf5 21. Bh2 Bg5 22. f4 Bh6 23. g4 Nh4 24. Rf1 g5 25. f5 exf5 26. e6 fxg4 27. Ng3 Rxf1+ 28. Nxf1 Qf6 29. exd7 Rf8 30. Bf4 gxf4 31. Bxg4 Qd4+ 32. Kh1 c4 33. Qe1 Qxb2 34. Qxh4 Qxa1 35. Be2 f3 36. Qxh6 fxe2 37. Qxf8+ Kxf8 38. d8=Q+ Kg7 39. Qe7+ Kg6 40. Qxe2 Qxa3 41. Qg4+ Kf6 42. Qf4+ Ke6 43. Qh6+ Ke5 44. Qg7+ Ke6 45. Qh6+ Ke5 46. Qe3+ Kd6 47. Qb6+ Ke5 48. Qe3+ Kf6 49. Qf3+ Ke6 50. Qe3+ Kf6 51. Qd4+ Ke6 52. Qg4+ Kf6 53. Qf4+ Ke6 54. Qe3+ 1/2-1/2

[Event "Turkey Cup 2019"]
[Site "Belek"]
[Date "2019.02.01"]
[Round "9.84"]
[White "Acar, Ozgur"]
[Black "Turan, Fatih"]
[Result "1/2-1/2"]
[WhiteElo "1798"]
[BlackElo "1251"]
[Annotator "NA"]
[PlyCount "93"]
[EventDate "2019.01.27"]
[EventType "swiss"]
[EventCountry "TUR"]
[SourceTitle "playchess.com"]
[Source "ChessBase"]
[SourceQuality "1"]

1. d4 Nf6 2. c4 g6 3. Nc3 Bg7 4. e3 d6 5. h3 O-O 6. Nf3 c5 7. d5 a6 8. a4 e6 9. e4 exd5 10. exd5 Re8+ 11. Be3 Nbd7 12. Bd3 Ne5 13. Nxe5 Rxe5 14. O-O h6 15. Qd2 Kh7 16. Bf4 Re8 17. Rfe1 b6 18. Rxe8 Nxe8 19. Re1 Ra7 20. Qe2 Nf6 21. Ne4 Nxe4 22. Qxe4 Bf5 23. Qf3 Bxd3 24. Qxd3 Bxb2 25. Qe3 g5 26. Bg3 Bf6 27. Qe8 Re7 28. Rxe7 Qxe7 29. Qc6 Qe1+ 30. Kh2 Be5 31. Qxb6 Qxf2 32. Bxe5 dxe5 33. Qb1+ Kg7 34. Qe4 Qf4+ 35. Qxf4 gxf4 36. Kg1 h5 37. Kf2 h4 38. Kf3 f5 39. a5 Kf6 40. Ke2 e4 41. Kf2 Ke7 42. Ke2 Kd6 43. Kf2 Kd7 44. Ke2 Ke7 45. Kf2 Kd6 46. Ke2 Ke5 47. Kf2 1/2-1/2

[Event "Turkey Cup 2019"]
[Site "Belek"]
[Date "2019.02.01"]
[Round "9.85"]
[White "Atik, Muhammed Ihsan"]
[Black "Baspinar, Mehmet"]
[Result "1-0"]
[WhiteElo "1464"]
[BlackElo "1558"]
[Annotator "NA"]
[PlyCount "116"]
[EventDate "2019.01.27"]
[EventType "swiss"]
[EventCountry "TUR"]
[SourceTitle "playchess.com"]
[Source "ChessBase"]
[SourceQuality "1"]

1. d4 Nf6 2. Nf3 b6 3. g3 Bb7 4. Bg2 d6 5. O-O Nbd7 6. c4 e6 7. Bf4 Nh5 8. e3 h6 9. Nfd2 Bxg2 10. Kxg2 Nhf6 11. e4 e5 12. Be3 g5 13. d5 Nc5 14. Nc3 a5 15. a3 Bg7 16. b4 Ncd7 17. Nf3 Nh7 18. Qc1 Ndf6 19. Qc2 O-O 20. Rfb1 Qe7 21. Bd2 Nxe4 22. Nxe4 f5 23. Nc3 e4 24. Ng1 f4 25. bxa5 e3 26. Re1 Bd4 27. Qd3 Qf6 28. fxe3 fxe3 29. Ne4 Qg7 30. Bc3 Rf2+ 31. Kh1 Rd2 32. Bxd4 Rxd3 33. Bxg7 Kxg7 34. axb6 cxb6 35. Nxd6 Nf6 36. Nf5+ Kg6 37. Rxe3 Rd2 38. Ne7+ Kf7 39. Nf3 Rc2 40. Rf1 Kg7 41. Nf5+ Kg6 42. Ne5+ Kh7 43. d6 Re8 44. d7 Rd8 45. Nd4 Rd2 46. Ne6 Nxd7 47. Nxd8 Nxe5 48. Rxe5 Rxd8 49. Rf6 Rd1+ 50. Kg2 Rd2+ 51. Kh3 Rd4 52. Re7+ Kg8 53. Rxb6 Kf8 54. Ra7 Rd8 55. c5 h5 56. c6 Ke8 57. Rh7 g4+ 58. Kh4 Rd7 1-0

[Event "Turkey Cup 2019"]
[Site "Belek"]
[Date "2019.02.01"]
[Round "9.86"]
[White "Araboga, Mesut"]
[Black "Sahin, Onur"]
[Result "0-1"]
[WhiteElo "1697"]
[BlackElo "1702"]
[Annotator "NA"]
[PlyCount "112"]
[EventDate "2019.01.27"]
[EventType "swiss"]
[EventCountry "TUR"]
[SourceTitle "playchess.com"]
[Source "ChessBase"]
[SourceQuality "1"]

1. d4 g6 2. h4 h6 3. e4 Bg7 4. Be3 d6 5. Be2 a6 6. f4 b5 7. Bf3 Bb7 8. Nc3 Nd7 9. Qd2 Nb6 10. b3 e6 11. a3 Ne7 12. h5 Qd7 13. Nge2 O-O-O 14. O-O-O Kb8 15. hxg6 fxg6 16. Bg4 d5 17. e5 Nf5 18. Bf2 h5 19. Bxf5 gxf5 20. Bh4 Rdg8 21. Rh3 Bf8 22. Ng3 Bxa3+ 23. Kb1 Bb4 24. Bf6 Rh7 25. Bg5 Qc6 26. Nge2 a5 27. Qd3 Ba6 28. g4 Na4 29. Na2 Bf8 30. gxf5 b4 31. Qf3 Nb6 32. Ng3 Nc4 33. bxc4 Bxc4 34. fxe6 Qa4 35. Nc1 b3 36. cxb3 Qb4 37. Nge2 a4 38. Qc3 Qb5 39. Qb2 axb3 40. Rxb3 Bxb3 41. Qxb3 Qxb3+ 42. Nxb3 Rg6 43. Bf6 Rg2 44. Ng1 c5 45. e7 Bxe7 46. Bxe7 Rxe7 47. Nxc5 Ra7 48. Nf3 Raa2 49. Nd3 Ra6 50. Rd2 Rb6+ 51. Rb2 Rbxb2+ 52. Nxb2 Rf2 53. e6 Rxf3 54. f5 Rxf5 55. Nd3 Kc7 56. Kc2 Kd6 0-1

[Event "Turkey Cup 2019"]
[Site "Belek"]
[Date "2019.02.01"]
[Round "9.87"]
[White "Vursan, Emre Can"]
[Black "Atas, Remzi"]
[Result "1-0"]
[WhiteElo "1678"]
[BlackElo "1477"]
[Annotator "NA"]
[PlyCount "59"]
[EventDate "2019.01.27"]
[EventType "swiss"]
[EventCountry "TUR"]
[SourceTitle "playchess.com"]
[Source "ChessBase"]
[SourceQuality "1"]

1. e4 c5 2. Nf3 Nc6 3. Bb5 Nf6 4. e5 Nd5 5. Nc3 Nxc3 6. bxc3 d5 7. exd6 Qxd6 8. O-O Bg4 9. d4 a6 10. Be2 Rd8 11. Ba3 b6 12. Qb1 Nb8 13. dxc5 bxc5 14. Rd1 Qc7 15. Rxd8+ Kxd8 16. Bxc5 Ke8 17. Qb4 Bd7 18. Rb1 Nc6 19. Qb7 Qa5 20. Bb6 Nd8 21. Bxa5 Nxb7 22. Rxb7 f6 23. Bb4 Bc8 24. Rc7 Be6 25. a4 Bd7 26. a5 Kd8 27. Ra7 Kc8 28. Bxa6+ Kd8 29. Ra8+ Kc7 30. Bxe7 1-0

[Event "Turkey Cup 2019"]
[Site "Belek"]
[Date "2019.02.01"]
[Round "9.89"]
[White "Catak, Ayhan"]
[Black "Kurt, Emre"]
[Result "0-1"]
[WhiteElo "1347"]
[BlackElo "1677"]
[Annotator "NA"]
[PlyCount "70"]
[EventDate "2019.01.27"]
[EventType "swiss"]
[EventCountry "TUR"]
[SourceTitle "playchess.com"]
[Source "ChessBase"]
[SourceQuality "1"]

1. d4 d5 2. c4 c6 3. Nf3 Nf6 4. e3 e6 5. Nc3 Nbd7 6. Bd3 Bd6 7. e4 dxe4 8. Nxe4 Nxe4 9. Bxe4 Nf6 10. Bd3 h6 11. O-O O-O 12. Be3 Re8 13. Ne5 c5 14. f4 cxd4 15. Bxd4 Bxe5 16. Bxe5 Bd7 17. Qe2 Bc6 18. Rad1 Qb6+ 19. Kh1 Rad8 20. f5 exf5 21. Bxf5 Rxd1 22. Rxd1 Qc5 23. Re1 Bd7 24. Bc2 Ng4 25. Rf1 Qxe5 26. Qxe5 Rxe5 27. h3 Nf6 28. b4 Re2 29. Bb3 Bc6 30. Rg1 a6 31. b5 axb5 32. cxb5 Bxb5 33. Rc1 Bc6 34. Rc2 Bxg2+ 35. Kg1 Rxc2 0-1